Squares 1 to 100 - Statistics

General Stats
  • This quiz has been taken 53 times
  • The average score is 47 of 100
Answer Stats
Number Square % Correct
1 1
100%
2 4
97%
10 100
95%
3 9
95%
4 16
92%
5 25
92%
6 36
92%
7 49
92%
8 64
92%
9 81
92%
11 121
89%
12 144
89%
13 169
84%
14 196
76%
15 225
76%
20 400
68%
30 900
68%
40 1600
65%
16 256
65%
50 2500
62%
17 289
62%
21 441
62%
22 484
62%
18 324
59%
60 3600
59%
19 361
59%
25 625
59%
100 10000
57%
23 529
57%
32 1024
54%
33 1089
54%
34 1156
54%
35 1225
54%
70 4900
54%
24 576
54%
26 676
54%
27 729
54%
28 784
54%
29 841
54%
31 961
54%
36 1296
51%
37 1369
49%
39 1521
49%
80 6400
49%
38 1444
46%
41 1681
46%
44 1936
46%
45 2025
46%
46 2116
46%
90 8100
46%
42 1764
43%
43 1849
43%
47 2209
41%
48 2304
41%
49 2401
41%
51 2601
41%
52 2704
38%
53 2809
38%
59 3481
38%
61 3721
38%
64 4096
38%
54 2916
35%
55 3025
35%
56 3136
35%
57 3249
35%
58 3364
35%
62 3844
32%
63 3969
32%
65 4225
32%
99 9801
32%
66 4356
30%
67 4489
30%
69 4761
30%
71 5041
30%
68 4624
27%
72 5184
27%
73 5329
27%
74 5476
27%
75 5625
27%
81 6561
27%
76 5776
24%
77 5929
22%
78 6084
22%
79 6241
22%
91 8281
22%
82 6724
19%
83 6889
19%
84 7056
19%
85 7225
19%
86 7396
19%
87 7569
19%
88 7744
19%
89 7921
19%
92 8464
16%
98 9604
16%
93 8649
14%
94 8836
14%
95 9025
14%
96 9216
14%
97 9409
14%
No matching quizzes found
Score Distribution
Percent of People with Each Score
Percentile by Number Answered
Your Score History
You have not taken this quiz